00561nam a2200169Ia 4500008004100000020001800041041000800059082001600067100002500083245003000108250000600138260006400144300001000208650001800218999001900236952013600255210716s2012 xx 000 0 und d a9780071077699 aeng a153.94 WILT aWilliams, Timothy J. aMCQs in computer science. a4 aNew DelhibTata McGraw Hill Education Private Limitedc2012 ax,445 aAptitude Test c192980d192980 001040708MCAaAIMITbAIMITeHigginbothams Pvt Ltdg350.00l0o153.94 WILTpMCA12488r2026-05-23 00:00:00v262.50w2021-07-16yBK